Regulating planning (Record no. 78614)

MARC details
000 -LEADER
fixed length control field 01007cab a22002055a 4500
001 - CONTROL NUMBER
control field L137463
008 - FIXED-LENGTH DATA ELEMENTS--GENERAL INFORMATION
fixed length control field 070410s2007 xxk f 000 0 eng d
035 ## - SYSTEM CONTROL NUMBER
System control number (Sirsi) u137463
041 0# - LANGUAGE CODE
Language code of text/sound track or separate title eng
100 1# - MAIN ENTRY--PERSONAL NAME
Personal name Hackett, Paul
245 00 - TITLE STATEMENT
Title Regulating planning
Remainder of title Ofplan
260 ## - PUBLICATION, DISTRIBUTION, ETC.
Date of publication, distribution, etc. 2007
490 ## - SERIES STATEMENT
Series statement Town and Country Planning Tomorrow Series
520 ## - SUMMARY, ETC.
Summary, etc. A supplement in Town and Country Planning 76(3) March 2007. Argues that planning is at the heart of sustainable development and needs a stronger foundation to safeguard its integrity. In place of ad hoc changes the entire planning regime should be placed in a stable and regulatory framework, similar to that in place for other regulated services. Recommends that the forthcoming planning White Paper should consider proposals for an England-wide Office of Planning.
590 ## - LOCAL NOTE (RLIN)
Local note KA NTK
651 #4 - SUBJECT ADDED ENTRY--GEOGRAPHIC NAME
Geographic name England
Chronological subdivision 886-
690 ## - LOCAL SUBJECT ADDED ENTRY--TOPICAL TERM (OCLC, RLIN)
Topical term or geographic name as entry element ENVIRONMENTAL AND LAND CONSULTANCY-PLANNING AND DEVELOPMENT-PLANNING REFORM
700 1# - ADDED ENTRY--PERSONAL NAME
Personal name Lock, David
942 ## - ADDED ENTRY ELEMENTS (KOHA)
Suppress in OPAC 0
Holdings
Withdrawn status Lost status Source of classification or shelving scheme Damaged status Not for loan Home library Current library Shelving location Date acquired Total Checkouts Full call number Barcode Date last seen Copy number Price effective from Koha item type
    Dewey Decimal Classification     London London Journal article 10/04/2007   L137463 137463-1001 06/08/2019 1 06/08/2019 Journal article